000
00321nam a2200121Ia 4500
008
190722s9999 xx 000 0 und d
020
_a
978-81-265-5052-4
100
_a
Nelson , Nelson
245
0
_a
Excel Data Analysis For Dummies
260
_a
New Delhi
_b
John Wiley & Sons.Inc. (India)
_c
2014
300
_a
346
942
_c
BK
999
_c
286
_d
286